000
00306nam a2200121Ia 4500
008
191201s2006 xx 000 0 und d
100
_a
SINGHAL, Sandeep
245
0
_a
WAP-The Wireless Application Protocol
260
_a
N. Delhi
_b
Pearson
_c
2006
300
_a
698
650
_a
M.Tech (ECE)
942
_2
ddc
_c
BK
999
_c
6694
_d
6694